Visitors book (Record no. 105134)

MARC details
000 -LEADER
fixed length control field 00571cam a2200181 4500
001 - CONTROL NUMBER
control field ##L132432
008 - FIXED-LENGTH DATA ELEMENTS--GENERAL INFORMATION
fixed length control field 060208n1971 000 0 eng u
035 ## - SYSTEM CONTROL NUMBER
System control number (Sirsi) u132432
041 0# - LANGUAGE CODE
Language code of text/sound track or separate title eng
050 04 - LIBRARY OF CONGRESS CALL NUMBER
Classification number 333.332092 $2 18
110 2# - MAIN ENTRY--CORPORATE NAME
Corporate name or jurisdiction name as entry element Incorporated Society of Valuers and Auctioneers
9 (RLIN) 1201
245 00 - TITLE STATEMENT
Title Visitors book
260 ## - PUBLICATION, DISTRIBUTION, ETC.
Place of publication, distribution, etc. [S.l.]
Name of publisher, distributor, etc. [s.n.]
Date of publication, distribution, etc. 1971
300 ## - PHYSICAL DESCRIPTION
Extent 1
Type of unit v
Dimensions 17p.
520 ## - SUMMARY, ETC.
Summary, etc. Handwritten log of members visiting the Incorporated Society of Valuers and Auctioneers from 1966 to 1971.
690 ## - LOCAL SUBJECT ADDED ENTRY--TOPICAL TERM (OCLC, RLIN)
Topical term or geographic name as entry element ABOUT RICS-RELATED ORGANISATIONS
942 ## - ADDED ENTRY ELEMENTS (KOHA)
Suppress in OPAC 0
Holdings
Withdrawn status Lost status Source of classification or shelving scheme Damaged status Not for loan Home library Current library Shelving location Date acquired Total Checkouts Full call number Barcode Date last seen Copy number Price effective from Koha item type
    Dewey Decimal Classification     London London RICS Boxes 08/02/2006   ISVA/2 30071619 06/08/2019 1 06/08/2019 Reference material